000 00650cam a2200205 a 4500
001 000004857
005 20200929151523.0
008 970618s1996 mx 000 0 spa
020 _a9682987695
040 _aDO-SdBNP
_bspa
_cBNPHU
082 _aMx861.44
_bA657t
100 1 _aAquino, Alfonso D'
_d1959-
_914082
245 1 0 _aTanagra /
_cAlfonso D'Aquino.
260 _aMéxico :
_bConsejo Nacional para la Cultura y las Artes, Dirección General de Publicaciones,
_c1996.
300 _a81 p. ;
_c21 cm.
490 1 _aPráctica Mortal
650 4 _aPoesía mexicana
_99120
650 4 _aLiteratura mexicana
_91922
830 0 _aPráctica Mortal
_914083
999 _c4663
_d4663